[Event "BCC #8"]
[Site "Boise, ID"]
[Date "2015.07.25"]
[Round "4.1"]
[White "Buus, Jarod N"]
[Black "Kircher, Caleb Paul"]
[Result "1-0"]
[WhiteElo "1727"]
[BlackElo "1863"]
[EventRounds "4"]
[EventCountry "USA"]

1. e4 c5 2. Nf3 g6 3. d4 Bg7 4. Nc3 cxd4 5. Nxd4 Nc6 6. Be3 Nf6 7. f3 Qa5 8.
Qd2 d6 9. O-O-O O-O 10. h4 Bd7 11. Be2 Rac8 12. Nb3 Qd8 13. Bh6 Be6 14. Bxg7
Kxg7 15. h5 Nxh5 16. g4 Nf6 17. Qh6+ Kh8 18. f4 Rg8 19. g5 Nh5 20. Bxh5 gxh5
21. Rxh5 Rg7 22. f5 Bxb3 23. f6 {#r} 1-0

[Event "BCC #9"]
[Site "Boise, ID"]
[Date "2015.08.29"]
[Round "3.1"]
[White "Kircher, Caleb Paul"]
[Black "Buus, Jarod N"]
[Result "1-0"]
[WhiteElo "1838"]
[BlackElo "1703"]

1. e4 c5 2. Nf3 e6 3. d4 cxd4 4. Nxd4 Nf6 5. Bd3 Nc6 6. c3 a6 7. O-O Qc7 8.
Nd2 Bc5 9. N2f3 O-O 10. Bg5 Be7 11. Qe2 d6 12. Rae1 e5 13. Nc2 Be6 14. c4 Nd7
15. Bxe7 Nxe7 16. Ne3 {Black touchd his bishop with the intent to move it, and
instead of moving it, he resigned.} {#r} 1-0

[Event "BCC #9"]
[Site "Boise, ID"]
[Date "2015.08.29"]
[Round "4.1"]
[White "Amen, Chris"]
[Black "Kircher, Caleb Paul"]
[Result "0-1"]
[WhiteElo "1683"]
[BlackElo "1838"]

1. e4 d5 2. exd5 Nf6 3. Nf3 Nxd5 4. d4 Bg4 5. h3 Bh5 6. c4 Nb6 7. Be2 Nc6 8.
c5 Nd5 9. O-O e6 10. Nc3 Be7 11. g4 Bg6 12. Qb3 Na5 13. Qa4+ c6 14. b4 Nxc3
{#R} 0-1

[Event "2015 BCC #11"]
[Site "Boise, ID"]
[Date "2015.10.24"]
[Round "3.1"]
[White "Inman, James"]
[Black "Kircher, Caleb Paul"]
[Result "0-1"]
[WhiteElo "1768"]
[BlackElo "1879"]
[EventRounds "4"]
[EventCountry "USA"]

1. d4 Nf6 2. c4 g6 3. Nc3 Bg7 4. e4 d6 5. h3 O-O 6. Bg5 c5 7. d5 b5 8. cxb5 a6
9. Nf3 axb5 10. Bxb5 Nxe4 11. Nxe4 Qa5+ 12. Nc3 Bxc3+ 13. bxc3 Qxb5 14. Qe2
Ba6 15. Qxb5 Bxb5 16. Nd2 Bd3 17. f3 Nd7 18. a4 f6 19. Be3 Nb6 20. Kf2 Nxd5
21. Bh6 Rfb8 22. c4 Nb4 23. Ra3 Bf5 24. g4 Bd7 25. a5 Ra6 26. Rc1 Rba8 27. Re3
Bc6 28. Nb3 Kf7 29. Rce1 R8a7 30. R1e2 Ba4 31. Kg3 Nc6 32. f4 Bxb3 33. Rxb3
Nd4 34. Ree3 Nxb3 35. Rxb3 Rxa5 36. Rb8 Ke6 37. Kf3 Ra4 38. f5+ gxf5 39. gxf5+
Kxf5 {#R} 0-1

[Event "2015 BCC #11"]
[Site "Boise, ID"]
[Date "2015.10.24"]
[Round "4.1"]
[White "Kircher, Caleb Paul"]
[Black "Buus, Jarod N"]
[Result "1-0"]
[WhiteElo "1879"]
[BlackElo "1747"]
[EventRounds "4"]
[EventCountry "USA"]

1. f4 c5 2. e4 d6 3. Nc3 a6 4. Nf3 b5 5. d4 cxd4 6. Nxd4 Bb7 7. Bd3 e6 8. a3
Nd7 9. O-O Ngf6 10. Be3 Be7 11. Qe2 Qc7 12. Rae1 Nc5 13. Bf2 d5 14. e5 Nce4
15. Bxe4 Nxe4 16. Nxe4 dxe4 17. Be3 Bc5 18. Kh1 h5 19. Nxb5 axb5 20. Qxb5+ Qc6
21. Qxc6+ Bxc6 22. Bxc5 Bb5 23. Rf2 O-O-O 24. Bd6 Bc6 25. h4 Rh6 26. Re3 {#r}
1-0

[Event "FM David Lucky Simul"]
[Site "Boise, ID"]
[Date "2016.01.30"]
[Round "16"]
[White "Lucky, David"]
[Black "Kircher, Caleb Paul"]
[Result "1-0"]
[WhiteElo "2381"]
[BlackElo "1922"]
[EventCountry "USA"]

1. Nf3 c5 2. c4 g6 3. d4 Bg7 4. Nc3 d6 5. dxc5 Bxc3+ 6. bxc3 dxc5 7. Qxd8+
Kxd8 8. Be3 b6 9. g3 Bb7 10. Bg2 Nc6 11. O-O-O+ Ke8 12. Ne5 Na5 13. Bxb7 Nxb7
14. Rd7 Nd6 15. Rc7 f6 16. Nc6 Rc8 17. Rxc8+ Nxc8 18. Rd1 Nd6 19. Bf4 Nxc4 20.
Rd8+ Kf7 21. Nxa7 e5 22. Bd2 g5 23. Nc8 Kg7 24. Nd6 Nxd2 25. Rd7+ Kg6 26. Nf7
Ne4 27. Nxh8+ Kh6 28. Nf7+ Kg6 29. Nd6 Nxc3 30. Ne8 Nh6 31. Rg7+ Kf5 32. Rxh7
Ng4 33. f3 Nf2 34. e4+ Ke6 35. Kb2 Na4+ 36. Kb3 {#r} 1-0